Principios de economía moderna /

Guardado en:
Autor Principal: García Apolinar, Edgardo
Formato: Libro
Publicado: Buenos Aires : Troquel, 1979
Edición:7a. ed.
Materias:
Etiquetas: Agregar Etiqueta
Sin Etiquetas, Sea el primero en etiquetar este registro!
LEADER 00558nam a22001815a 4500
001 CEM.cems002779
005 20060220000000.0
008 130507s1979##################000#0#####d
003 CEMS
082 0 4 |a 330 
100 1 |a García Apolinar, Edgardo 
245 1 0 |a Principios de economía moderna /  |c Edgardo García Apolinar 
250 |a 7a. ed. 
260 |a Buenos Aires :  |b Troquel,  |c 1979 
300 |a 299 p. 
653 |a Economia 
859 |a CEMS  |b BIB. CEMS - 11 de abril  |h 330  |i G165a7  |p 12110.83  |t Ej.2 
859 |a CEMS  |b BIB. CEMS - 11 de abril  |h 330  |i G165a7  |p 8718.81  |t Ej.1